Human Society (Record no. 88)
[ view plain ]
| 000 -LEADER | |
|---|---|
| fixed length control field | 00300 a2200133 4500 |
| 020 ## - INTERNATIONAL STANDARD BOOK NUMBER | |
| International Standard Book Number | 8122903185 |
| 090 ## - LOCALLY ASSIGNED LC-TYPE CALL NUMBER (OCLC); LOCAL CALL NUMBER (RLIN) | |
| -- | 1215 |
| -- | 1215 |
| 100 ## - MAIN ENTRY--PERSONAL NAME | |
| Personal name | Davis Kingsley |
| 245 ## - TITLE STATEMENT | |
| Title | Human Society |
| 260 ## - PUBLICATION, DISTRIBUTION, ETC. | |
| Place of publication, distribution, etc. | Delhi |
| Name of publisher, distributor, etc. | Surjeet Publications |
| Date of publication, distribution, etc. | 2007 |
| 300 ## - PHYSICAL DESCRIPTION | |
| Extent | 655 p. |
| 500 ## - GENERAL NOTE | |
| General note | Paperbinding |
| 942 ## - ADDED ENTRY ELEMENTS (KOHA) | |
| Koha item type | Book |
| Call number prefix | 301 DAV |
| Withdrawn status | Lost status | Source of classification or shelving scheme | Damaged status | Not for loan | Permanent Location | Current Location | Date acquired | Total Checkouts | Full call number | Barcode | Date last seen | Price effective from | Koha item type | Date last checked out |
|---|---|---|---|---|---|---|---|---|---|---|---|---|---|---|
| Institute of Environmental Science and Engineering (IESE) | Institute of Environmental Science and Engineering (IESE) | 12/07/2016 | 301 DAV | IESE-1360 | 12/07/2016 | 12/07/2016 | Book | |||||||
| Institute of Environmental Science and Engineering (IESE) | Institute of Environmental Science and Engineering (IESE) | 12/07/2016 | 1 | 301 DAV | IESE-1361 | 08/25/2023 | 12/07/2016 | Book | 05/24/2022 |
